000 00952nam a2200205 a 4500
001 000038721
005 20201002031340.0
008 130419s2015 dr ac 000 0 spa d
040 _aDO-SdBNP
_bspa
_cBNPHU
082 _axxx
_bC957j, 2015
100 1 _aCruz, Héctor J.
_945957
245 1 0 _aJuegos centroamericanos y del caribe :
_bactuación de República Dominicana período 1946-2014 /
_cHéctor J. Cruz ; colaboración Alex Rodríguez, Freddy Ortiz Pujols.
246 1 0 _aRepública Dominicana en Juegos Centroamericanos y del Caribe (1946-2014)
260 _aSanto Domingo :
_bAmigo del Hogar,
_c2015.
300 _a222 p. :
_bil., retrs. ;
_c23 cm.
500 _aEsta edición ha sido posible con el auspicio del Ministerio de Deporte y el Instituto Nacional de Educación Física (INEFI) de República Dominicana
590 _aInventariado, 2020 /LP
700 1 _aRodríguez, Alex,
_ecol.
_965031
700 1 _aOrtiz Pujols, Freddy,
_ecol.
_965032
999 _c38211
_d38211